00375 a2200109 4500001001000000005001700010008004100027245007000068100002500138773008500163999001700248ART_6189720260410162057.0260409a 10aImplementación del Código Procesal Penal Federal en Argentina1 aBorinsky, Mariano H.0 tTemas de derecho penal y procesal penalg- Año 6, N° 12 (dic. 2024)wREV60798 c36363d36363